Knowledge management practice in organizations : the view from inside.
| Other Authors: | |
|---|---|
| Format: | Book |
| Published: |
Hershey, PA:
Information Science Reference, an imprint of IGI Global,
2014.
|
| Subjects: |
| LEADER | 00495cam a2200145 7i4500 | ||
|---|---|---|---|
| 001 | 0000032225 | ||
| 005 | 20150909090000.0 | ||
| 020 | 0 | 0 | |a 9781466651869 |
| 090 | 0 | 0 | |a B 658.4038 |b KNO |
| 245 | 0 | 0 | |a Knowledge management practice in organizations : |b the view from inside. |
| 260 | 0 | 0 | |a Hershey, PA: |b Information Science Reference, an imprint of IGI Global, |c 2014. |
| 300 | # | # | |a 303 pages. |
| 650 | 0 | 0 | |a Knowledge management |
| 700 | 1 | 0 | |a De Stricker, Ulla |
| 999 | |a B000035993 |b Book |c Book |e Business Information Centre | ||


